000 00645nam a2200265Ia 4500
005 20260121173648.0
008 008 260114s9999 xx 000 0 eng d
020 _a9789462650411
037 _aEBOOK
040 _aCRL
040 _beng
040 _cCRL
041 _2eng
041 _aeng
084 _qCRL
100 _aSosteness Francis Materu
_91103639
245 4 _aThe Post-Election Violence in Kenya
260 _bSpringer
260 _bSpringer
260 _c2015
856 _uhttps://link.springer.com/openurl?genre=book&isbn=978-94-6265-041-1
942 _cEBOOK
999 _c1669387
_d1669387